| 000 | 01061cam a2200241 4500 | ||
|---|---|---|---|
| 001 | ABS66434 | ||
| 008 | 030226n2003 000 0 eng u | ||
| 035 | _a(Sirsi) u121430 | ||
| 100 | _aLittlefield, D. | ||
| 245 | _aIs this the new asbestos? | ||
| 260 | _c2003 | ||
| 490 |
_aRIBA Journal _v110(02) February 2003, 62-66(4) |
||
| 490 |
_aArchitects' Journal _v217(6) 13 February 2003, 38(1) |
||
| 520 | _aAnalyses the development of stachybotrys charturum, also known as toxic mould. Contains a simple explanation of what the mould is, and the risk it poses, including cold-like symptoms, rashes and aggravation of asthma. Looks at the insurance implications of claims and emphasises that property professionals will need to inform themselves of this issue, as ignorance will be regarded as no defence against claims (see also X121592). | ||
| 590 | _aABS | ||
| 650 | _aMOULD | ||
| 650 | _aSTACHYBOTRYS CHARTARUM | ||
| 650 | _aTOXIC MOULD | ||
| 650 | _aINSURANCE CLAIMS | ||
| 690 |
_aHealth and safety _96244 |
||
| 700 | _aReyers, J. | ||
| 942 | _n0 | ||
| 999 |
_c72157 _d72157 |
||